Most Dense US States - Statistics

General Stats
  • This quiz has been taken 35 times
  • The average score is 9 of 10
Answer Stats
People Answer % Correct
346.5/km2 Massachusetts
100%
204.5/km2 Delaware
96%
245.7/km2 Maryland
96%
409.3/km2 Rhode Island
96%
288.4/km2 Connecticut
93%
487.7km2 New Jersey
89%
160.4/km2 New York
89%
162.7/km2 Florida
86%
111.4/km2 Ohio
75%
111.9/km2 Pennsylvania
71%
No matching quizzes found
Score Distribution
Percent of People with Each Score
Percentile by Number Answered
Your Score History
You have not taken this quiz